000 00632nam a22002417a 4500
003 UA-OsUOA
001 92755
007 ta
008 20121224b un ||||| |||| 00| 0 ukr d
090 _a94.(477).075
_bК63
942 _cBK
040 _aUA-OsUOA
_bukr
_cUA-OsUOA
_dUA-OsUOA
245 _aКому був вигідний голодомор?
_bстатті
300 _a64 с.
955 _a1
041 _aukr
080 _a94.(477).075
020 _a966-608-383-3
260 _aКиїв
_bМАУП
_c2004
044 _aUA
650 7 _a9 Географія. Біографії. Історія
_2UDC
999 _c379191
_d379191